000 00597nam a22001937a 4500
003 OSt
005 20260212084336.0
008 260212b |||||||| |||| 00| 0 eng d
020 _a981-240-687-5.
040 _aDWC-Main lib
_cOC
082 _aGR. 338.5 S183m 2002
100 _aSalvatore Dominick
245 _aManagerial economics in a global economy
_cDominick Salvatore
260 _aBangkok :
_bThomson Learning Asia,
_cc2002.
300 _axlvi, 752 pages :
_billustration ;
_c23 cm.
504 _aIncludes indexes.
650 _a1. Managerial economics.
942 _2ddc
_cGR
_e4th ed.
_kGR.
_n0
999 _c8383
_d8383